La Première Guerre Mondiale - Statistiques

Statistiques générales
  • Ce quiz a été pris 1 431 fois
  • Le résultat moyen est 10 sur 15
Statistiques - réponses
Question Réponse % Correct
Quelle année a marqué le début de la Première guerre mondiale ? 1914
99%
Quel était le nom du traité signé en 1919, mettant fin à la Première guerre mondiale ? Le traité de Versailles
97%
Où a été assassiné l'archiduc François-Ferdinand, déclenchant ainsi le conflit ? A Sarajevo
93%
Quel pays a quitté la guerre en 1917 à la suite de la révolution bolchevique ? Russie
90%
Qui était l'empereur d'Allemagne pendant la Première guerre mondiale ? Guillaume II
83%
Qui était le dirigeant de la France pendant la majeure partie de la guerre ? Raymond Poincaré
78%
Quel terme plutôt péjoratif servait à désigner les Allemands durant la Première et la Seconde guerre mondiale ? Fritz
76%
Quel était le nom de l'assassin de l'archiduc François-Ferdinand ? Gavrilo Princip
74%
Quel était le nom de l'alliance entre l'Allemagne, l'Autriche-Hongrie et l'Italie ? La Triple Alliance
69%
Qui était le chef militaire des forces allemandes pendant une grande partie de la guerre ? Paul von Hindenburg
65%
Quel était le nom du navire britannique torpillé par un sous-marin allemand en 1915 ? Lusitania
63%
Quel était le nom du système de paix proposé par le président américain Woodrow Wilson ? Les Quatorze Points
37%
Quel pays a été le premier à utiliser des tanks pendant la guerre ? Le Royaume-Uni
30%
Quelle bataille a été l'une des plus meurtrières de la guerre et a duré de juillet à novembre 1916 ? La bataille de la Somme
27%
Quelle était la première arme chimique utilisée largement pendant la guerre ? Phosgène
8%
Aucun quiz correspondant
Distribution des résultats
% des personnes avec chaque résultat
Percentile par nombre de réponses
Votre historique - résultats
Vous n’avez pas pris ce quiz